Untersuchung zur Konzentrationsentwicklung in verschiedenen Untersektoren der Papier- und Pappeindustrie in Deutschland

Na minha lista:
Detalhes bibliográficos
Formato: Livro
Idioma:Undetermined
Publicado em: Luxembourg Amt für Amtl. Veröffentlichungen d. Europ. Gemeinschaften ; Köln : Verl Bundesanzeiger [ 1976
Assuntos:
Tags: Adicionar Tag
Sem tags, seja o primeiro a adicionar uma tag!
Thư viện lưu trữ: Trung tâm Học liệu Trường Đại học Cần Thơ
LEADER 00628nam a2200157Ia 4500
001 CTU_84451
008 210402s9999 xx 000 0 und d
082 |a 338.4 
082 |b U61 
245 0 |a Untersuchung zur Konzentrationsentwicklung in verschiedenen Untersektoren der Papier- und Pappeindustrie in Deutschland 
260 |a Luxembourg 
260 |b Amt für Amtl. Veröffentlichungen d. Europ. Gemeinschaften ; Köln : Verl Bundesanzeiger [ 
260 |c 1976 
650 |a Industrial concentration,Paper industry,Paperboard industry 
904 |i Qhieu(sửa) 
980 |a Trung tâm Học liệu Trường Đại học Cần Thơ